01014nas a2200265Ia 4500001001100000003000900011008004100020040001300061040001300074041001300087100004500100210001600145222001600161245006900177250001100246260003400257501008600291300001700377362001600394500006100410650003600471942000700507999001900514952021500533R027/42434IT-RoPAU151124c99999999xx |||||||||||| ||und|| aIT-RoPAU cIT-RoPAU aITALIANO aSanjines JorgegCodice Aut. SPICS: 11265 aOMBRE ROSSE aOmbre Rosse aOMBRE ROSSE, N.02 (1972)bPubblico E Fini di un Cinema Militante a1a ed. aROMAbSAMONA' E SAVELLIc1972 bPaulus - SPICS - Società San Paolo EM (non-commercial uses only)cCopyright2015 a5 p. [23-27] aN.02 (1972) aPer un Cinema Rivoluzionario. Pubblico. Cinema Popolare. aCINEMAvPUBBLICAZIONE PERIODICA cCR c188801d188801 0010406R_027_42434000000000071aSPICSbSPICSd2015-11-25l0oR027/42434r2015-11-25 00:00:00w2015-11-25yCRzProgr. Ins: 29038 / Copia rara: NO / date import: 25.11.2015 / By Epidotti, Trombetti, Vaglietti